000 01067nmc a2200361 a 4500
003 AR-BaBNM
005 20251128203849.0
008 011101s1989 ||||||||||||||000 | spa||
020 _a847046-467-1
040 _cAR-BaBNM
100 1 _aLopéz Herrerías, José Angel
245 1 0 _aEl profesor educador
_bpersona y tecnólogo
260 _aMadrid
_bCincel
_c1989
300 _a227 p.
_bil., gráfs.
490 0 _aEducación y futuro. Monografías para la reforma
_vv. 8
500 _aContiene glosario p. 215-221
504 _aBibliografía p. 225-227
650 4 _aDOCENTES
650 4 _aPERSONAL DOCENTE
650 4 _aPERFIL PROFESIONAL DEL DOCENTE
650 4 _aAPRENDIZAJE
650 4 _aCURRICULO
650 4 _aEVALUACION DEL PLAN DE ESTUDIOS
650 4 _aPLANIFICACION DE LA EDUCACION
650 4 _aCREATIVIDAD
650 4 _aDESTREZAS
650 4 _aRELACION ALUMNO-DOCENTE
650 4 _aPROCESO DE APRENDIZAJE
653 _aESTRATEGIAS EDUCATIVAS
800 1 _aRomán Pérez, Martiniano
_edirector
942 _cBK
998 _cCarmen
999 _c5235
_d5235